Quizzes
Events
Quiz Creation
Community
Videos
Private Events
Remove Ads
Sign In
Join for FREE
Feedback
Dark Mode
Quiz Categories
Sports
Geography
Music
Movies
Television
Just For Fun
Miscellaneous
History
Literature
Language
Science
Gaming
Entertainment
Religion
Holiday
For Kids
Quiz Lab
Recent
Popular Today
Quiz Kudos Today
Editor Picks
Curator Picks
Quizzes by...
Day
Popularity
Type
Ratings
Length
Year
Community
Subscriptions
Recent Discussions
Orange Saloon
Badges
Playlists
Quests
Create
Leaderboards
Showdown
Live 5
Trivia Bingo
Activity
Puzzle Library
Sporcle Events
Private Events
Virtual Trivia
Globe League
Become a Host
Pub Owners
SporcleCon
Opinionation
Our Games
Videos
Blog
Mobile Apps
Partnerships
Remove Ads and Go Orange
Feedback
Gaming
Video Games
Board Games
Card Games
Pokémon
Mario
Nintendo
Minecraft
Console
Toys
Legend of Zelda
Gaming
Video Games
Board Games
Card Games
Pokémon
Mario
Nintendo
Minecraft
Console
Toys
Legend of Zelda
Random Quiz
Search Sporcle
×
Quiz Lab
Quiz Lab
Gaming
austin
Click on answers out of a set of options
Click on answers out of a set of options
Multiple Choice
Best Score? Go Orange.
Austin game Stats
Can you choose the austin game?
By
austinraley
10m
20 Questions
3 Plays
3 Plays
3 Plays
Comments
Comments
Give Quiz Kudos
Give Quiz Kudos
-
- Ratings
hide this ad
Random Order
Randomize order of answers
Randomize order of answers
Replay
Link that replays current quiz
Next Quiz
Link to next quiz in quiz playlist
You Got
0%
They Got
Avg Score
30%
Avg Friend Score
Upgrade to see
Score Distribution
Jump to the score distribution portion of the page
Score
0/20
Timer
10:00
0
Plays Today
Question
Answer
Wrong Answers
A Roth IRA is?
all of the above
100%
tax free
0%
eligible to anyone single with an income less then 110,000$
0%
eligible to anyone married with an income less then 160,000$
0%
what should you as a buyer beware?
caveat emptor
66.7%
debt snowball
0%
Roth IRA
0%
an 401k
0%
what percent of millionaires are first generation rich.
80%
66.7%
20%
0%
75%
0%
90%
0%
what are horrible investments?
all of the above
33.3%
gold and day trading
0%
viaticals
0%
commodities and futures
33.3%
what are some of the 4 major ways the seller get your money?
all of the above
33.3%
personal selling
0%
tv, media, and radio
33.3%
product positioning
0%
what percentage do you invest of your house hold income into a Roth IRA?
15%
33.3%
20%
0%
50%
0%
5%
33.3%
which of the following is true?
growth and income is large cap
33.3%
growth is also called small cap.
0%
aggressive is also called mid cap.
0%
all are true.
33.3%
what to do before make a purchase?
you wait over night
33.3%
you don't think about it and just buy it
33.3%
think about it but something tells you to buy it now and you do
0%
buy the one thing that you don't understand
0%
which is a myth
you need a credit card to rent a car
33.3%
a new car loses 70% of it value in the first four years
33.3%
lottery is a tax on the poor
0%
teen are a huge target for credit card companies
0%
what means to spread around?
diversification
33.3%
divison
33.3%
subtraction
0%
lower
0%
A C.D is also called?
certificate of deposite
33.3%
certification of deposite
0%
certification of land
0%
certification of liquidly
33.3%
the lotteryn is a blank on the poor people
tax
33.3%
toll
33.3%
interest
0%
a quick rich program
0%
The two types of annuities are?
fixed and variables
33.3%
fixed and repired
33.3%
variables and symbolies
0%
cash and real estate
0%
who are the #1 target for credit card companies?
teen
33.3%
chirlden
33.3%
ederly
0%
adults
0%
How much do you put in your emergency fund?
1000$ but 500$ if you make under 20,000$ a year
0%
1000$ only
0%
600$ only
0%
2000$ but 1000$ if you make under 20,000$ a year
66.7%
where are the best place for emergency?
money markets
0%
single bonds
66.7%
mutual fund
0%
real estates
0%
which is a from of product positioning?
all of the above
0%
color
0%
packaging
33.3%
shelf position
33.3%
What is the rule of 72?
how long it takes to double your money.
0%
how long it takes to triple your money.
66.7%
how long it takes to make 72 dollars.
0%
how long it takes to get to the sea
0%
how top calculate compound interest?
FV=PV(1+r/m)^mt
0%
FV=PV(1+r)
0%
FV=PV(1+r/m)
33.3%
FV+PV(1+r/m)^mt
66.7%
you never do what with your retirement plan.
borrow
0%
invest money in
66.7%
put money in
0%
none of these
0%
Quiz Playlist
Details
Report
Send in Message
Add To Playlist
Multiple Choice:
Click on answers out of a set of options
Random Order:
Randomize order of answers
Last Updated: Feb 16, 2017
Quiz Scoreboard
CHALLENGE
Sign Up to Join the Scoreboard
Show All
Scores
Hide
Comments
May contain spoilers
Recently Published
Billboard Blitz: Fleetwood Mac
by CooCooCachoo
Music
15s
Presidents Visiting Landmarks
by Hejman
History
7m
An Introduction to Baseball
by treessimontrees
Sports
5m
More to Explore
Quiz From the Vault
Featured Blog Post
Where Did the Easter Bunny Come From?
hide this ad
You Might Also Like...
Tags
austin
Today's Top Quizzes in Gaming
Browse Gaming
hide this ad
Top Contributed Quizzes in Gaming
1
5-to-1: Consoles
2
7-to-1: Board Game Piece Blitz
3
5-to-1: Legend of Zelda
4
Destiny 2 exotic weapons by perk icons
5
League of Legends Pro Players by Career/Team History
6
Ultimate Genshin Impact Logic Puzzle (up to 4.3)
7
Franchise by Action Figure
8
Genshin Impact Logic Puzzle Quiz
9
Who's on the WWE 2K24 Cover?
10
Overwatch Logic Puzzle
Explore More
Trending Topics
NBA
Marvel
Disney
Harry Potter
Crossword
Anime
Kpop
NFL
Puzzle
WWE
Soccer
Song
Pokémon
Country
The Office
hide this ad
More By:
austinraley
Quiz
Plays
Rating
Category
Featured
Created
austin game
3
Gaming
Sep 19, 2016
Go to Creator's Profile
Score Distribution
Quiz Creator Spotlight
austinraley
Follow
Send a Message
Quizzes Created
-
Created Quiz Play Count
-
More By This Creator
Popular Quizzes Today
1
Find the US States - No Outlines Minefield
2
Find the Countries of Europe - No Outlines Minefield
3
The Countries of the World
4
Find the US States
5
US States
6
Risky Map Clicking: Biggest States A-Z
7
Popular People in 1961
8
Movies - When Are They Set?
More Gaming Quizzes
Color My Game!
Published
Trending Quizzes
Risky Map Clicking: Least Populous States A-Z
1-10 Letter G Words
1-10 Letter F Words
Risky Map Clicking: Next State Alphabetically
Risky Map Clicking: Biggest States A-Z
Recently Updated
Leaping Animals
pecheneg
Reality TV Shows (A-Z)
bhenderson79
Rickey Henderson's Hall of Fame Teammates
pecheneg
Champions League XIs: Arsenal
pecheneg
Quick Pick: Celebrities in WWE's Hall of Fame
aduchscher
A-Z Keypad Blitz II
pecheneg
Multiple Oscar Actors
pecheneg
Mystery Phrase Blitz: Oscar 'Best Actors'
pecheneg
F. Scott Fitzgerald Novels
LTH
Pick 3 Villains
ddd62291
Trending Topics
Crossword
Marvel
Harry Potter
Disney
Kpop
NBA
Anime
WWE
Song
Country
Soccer
NFL
Pokémon
Puzzle
The Office
Your Account Isn't Verified!
In order to create a playlist on Sporcle, you need to verify the email address you used during registration. Go to your
Sporcle Settings
to finish the process.
Report this User
Report this user for behavior that violates our
Community Guidelines
.
Details:
Send Report
Go to the Sporcle.com Mobile Site →
Comments